LIBRARY ONLINE CATALOGUE

The Future of Imprisonment / (Record no. 11723)

MARC details
000 -LEADER
fixed length control field 00803nam a22002292 4500
001 - CONTROL NUMBER
control field 0000025462
005 - DATE AND TIME OF LATEST TRANSACTION
control field 20151217154547.0
008 - FIXED-LENGTH DATA ELEMENTS--GENERAL INFORMATION
fixed length control field 150924s xx 000 0 eng d
020 ## - INTERNATIONAL STANDARD BOOK NUMBER
International Standard Book Number 0195161637 :
040 ## - CATALOGING SOURCE
Original cataloging agency KABU
Transcribing agency KABU
245 14 - TITLE STATEMENT
Title The Future of Imprisonment /
Statement of responsibility, etc. edited by Michael Tonry.
260 ## - PUBLICATION, DISTRIBUTION, ETC. (IMPRINT)
Place of publication, distribution, etc. New York :
Name of publisher, distributor, etc. O.U.P.,
Date of publication, distribution, etc. 2004.
300 ## - PHYSICAL DESCRIPTION
Extent viii, 263p.
650 #0 - SUBJECT ADDED ENTRY--TOPICAL TERM
Topical term or geographic name as entry element Prisons
General subdivision United States.
-- 0000186112
852 1# - LOCATION
-- P4500KES
852 1# - LOCATION
-- P4500KES
852 1# - LOCATION
-- P4500KES
852 1# - LOCATION
-- P4500KES
852 1# - LOCATION
-- P4500KES
908 ## - PUT COMMAND PARAMETER (RLIN)
Put command parameter 150924
950 ## - LOCAL HOLDINGS (RLIN)
-- 1
Holdings
Withdrawn status Lost status Source of classification or shelving scheme Not for loan Home library Current library Date acquired Total Checkouts Full call number Barcode Date last seen Price effective from Koha item type
    Library of Congress Classification   Kabarak, Main Campus Kabarak, Main Campus 17/12/2015   HV9471 .F88 2004 C.1 020692 17/12/2015 17/12/2015 General Collection
    Library of Congress Classification   Kabarak, Main Campus Kabarak, Main Campus 17/12/2015   HV9471 .F88 2004 C.2 020691 17/12/2015 17/12/2015 General Collection
    Library of Congress Classification   Kabarak, Main Campus Kabarak, Main Campus 17/12/2015   HV9471 .F88 2004 C.3 020690 17/12/2015 17/12/2015 General Collection
    Library of Congress Classification   Kabarak, Main Campus Kabarak, Main Campus 17/12/2015   HV9471 .F88 2004 C.4 020695 17/12/2015 17/12/2015 General Collection
    Library of Congress Classification   Kabarak, Main Campus Kabarak, Main Campus 17/12/2015   HV9471 .F88 2004 C.5 020693 17/12/2015 17/12/2015 General Collection